LEADER 00866nam 2200277 450 001 996693279903316 005 20260301135748.0 100 $a20251223d1983----km y0itay5003 ba 101 0 $aita 102 $aIT 105 $ay 00 y 200 1 $aCaratteri dell'economia mercantile pugliese$e1467-1488$fAlfonso Leone 210 $aNapoli$c[s.n.]$d1983 215 $a[105]-128 p.$d25 cm 300 $aTitolo della copertina 300 $aEstratto da: Annali dell'Istituto italiano per gli studi storici, 6 (1979/1980) 606 0 $aEconomia$yPuglia$z1467-1488$2BNCF 676 $a330.94575 700 1$aLEONE,$bAlfonso$036392 801 0$aIT$bcba$gREICAT 912 $a996693279903316 951 $aXVI.7.Misc. 1257$b1274 FBUO$cXVI.7.Misc. 959 $aBK 969 $aFBUO 996 $aCaratteri dell'economia mercantile pugliese$94482058 997 $aUNISA